000
00327nam a2200133Ia 4500
008
240624s9999 xx 000 0 und d
041
_a
eng
082
_a
658.155 IIB
100
_a
IIBF
245
_a
RISK MANAGEMENT
260
_c
2007
_a
New Delhi
_b
Macmillan India
300
_a
viii, : 345 : p. : cm. ; 24
365
_c
RS
_b
33.5
999
_c
13354
_d
13354